000 00532nam a2200169 a 4500
001 000032127
005 20200930063443.0
008 110712s2004 dr 000 spa d
040 _aDO-SdBNP
_bspa
_cBNPHU
082 _axxxx
_bL579c
100 1 _aLeón Marte, Pedro de
_cRenovador
_958242
245 1 0 _a45 años buscando el título de un libro. /
_cPedro de León Marte.
246 1 0 _aCuarenta y cinco años buscando el título de un libro
260 _a[s. l.] :
_b[s. n.],
_c[197?].
300 _a70 p. ;
_c21 cm.
049 _aBNPD
999 _c31618
_d31618